| 000 | 00487nam a2200097Ia 4500 | ||
|---|---|---|---|
| 008 | 170517s9999 xx 000 0 und d | ||
| 245 | _aFood Fight: The Debate over GMO Labels | ||
| 300 | _aThe debate over whether the American people should be fully aware of what their food is, and how and where it comes from, wages on in Food Fight: The Debate Over GMO Labels. Over 70% of the food on... | ||
| 650 | _xTechnology. | ||
| 856 | _uhttp://topdocumentaryfilms.com/food-fight-debate-gmo-labels/ | ||
| 999 |
_c335036 _d335036 |
||